000 00712nam a2200265Ia 4500
003 OSt
005 20221006142647.0
006 a|||||r|||| 00| 0
007 ta
008 221006b |||||||| |||| 00| 0 eng d
020 _c
_1.95
024 _a6,870
037 _cTextual
040 _aEASL
_cEASL
_beng
041 _2eng
_aeng
082 _aY:1:12.41, L2
100 _aTREISTMAN Judith M
_9109764
245 0 _aPrehistory of China
_b An archeological exploration
260 _aNew York
_bAmerican Museum of Natural History
_c1972
300 _a156p.
_ccm.
490 _v CEL
650 _aCEL
942 _hY:1:12.41, L2
_cTEXL
_2CC
999 _c1074956
_d1074956